MARC

LEADER 00000nam0a2200000 4500
001 306996
005 20231102001941.0
035 |a (RuTPU)RU\TPU\book\332274 
090 |a 306996 
100 |a 20151014d1981 km y0rusy5003 ca 
101 0 |a rus 
102 |a RU 
105 |a y g 001zy 
200 1 |a Безопасность труда в основных производствах черной металлургии  |e справочник  |f П. Д. Ефанов, Н. Н. Карнаух 
210 |a Москва  |c Металлургия  |d 1981 
215 |a 245 с.  |d 22 см. 
320 |a Библиогр.: с. 240-242 
606 1 |a Черная металлургия, предприятия  |x Охрана труда  |2 stltpush  |3 (RuTPU)RU\TPU\subj\18682  |9 44070 
610 1 |a безопасность 
610 1 |a рудные месторождения 
610 1 |a нерудные месторождения 
610 1 |a разработка 
610 1 |a агломерат 
610 1 |a производство 
610 1 |a доменное производство 
610 1 |a сталеплавильное производство 
610 1 |a прокатное производство 
610 1 |a трубное производство 
610 1 |a коксохимическое производство 
610 1 |a огнеупорное производство 
610 1 |a ферросплавное производство 
610 1 |a метизное производство 
610 1 |a черные металлы 
610 1 |a отходы 
610 1 |a лом 
610 1 |a безопасная переработка 
610 1 |a справочники 
675 |a 669.1.013:658.345(035)  |z rus  |v 4 
700 1 |a Ефанов  |b П. Д.  |g Павел Дмитриевич  |4 070 
701 1 |a Карнаух  |b Н. Н.  |g Николай Николаевич  |4 070 
801 0 |a RU  |b RuMRKP  |c 19950704  |g psbo 
801 1 |a RU  |b 63413507  |c 20151014 
801 2 |a RU  |b 63413507  |c 20171011  |g RCR 
942 |c BK